Teonanácatl - posvátná vizionářská houba /

Hlavní autor: Metzner, Ralph, 1936-2019
Jazyk: Čeština
Vydáno: Praha : Triton, 2011
Vydání: Vyd. 1.
Témata:
Fyzický popis: 270 s. : il., portréty ; 23 cm
Knihy
Uloženo v:
LEADER 01959cam a2200553 a 4500
001 nkc20112169162
003 CZ PrNK
005 20171214084712.0
007 ta
008 110307s2011 xr ac e f 000 0 cze d
015 |a cnb002169162 
020 |a 978-80-7387-282-3  |q (brož.) 
035 |a (OCoLC)761168575 
040 |a KLG001  |b cze  |d ABA001 
041 1 |a cze  |h eng 
072 7 |a 615  |x Farmacie. Farmakologie  |2 Konspekt  |9 14 
080 |a 633.888:582.28  |2 MRF 
080 |a 615.214  |2 MRF 
080 |a 615.322  |2 MRF 
080 |a 615.214-015  |2 MRF 
080 |a 613.83  |2 MRF 
080 |a (0.062)  |2 MRF 
100 1 |a Metzner, Ralph,  |d 1936-2019  |7 xx0048407  |4 aut 
245 1 0 |a Teonanácatl - posvátná vizionářská houba /  |c Ralph Metzner ; [z anglického originálu ... přeložila Hana Hercherová] 
246 3 0 |a Posvátná vizionářská houba 
250 |a Vyd. 1. 
260 |a Praha :  |b Triton,  |c 2011 
300 |a 270 s. :  |b il., portréty ;  |c 23 cm 
504 |a Obsahuje bibliografii a bibliografické odkazy 
650 0 7 |a halucinogenní houby  |7 ph114649  |2 czenas 
650 0 7 |a psychotropní látky  |7 ph124826  |2 czenas 
650 0 7 |a rostlinné drogy  |7 ph125227  |2 czenas 
650 0 7 |a účinné látky  |7 ph505542  |2 czenas 
650 0 7 |a účinky drog  |7 ph665409  |2 czenas 
650 0 7 |a užívání drog  |7 ph114929  |2 czenas 
650 0 9 |a hallucinogenic mushrooms  |2 eczenas 
650 0 9 |a psychotropic substances  |2 eczenas 
650 0 9 |a herbal drugs  |2 eczenas 
650 0 9 |a effective substances  |2 eczenas 
650 0 9 |a drug effects  |2 eczenas 
650 0 9 |a drug abuse  |2 eczenas 
655 7 |a populárně-naučné publikace  |7 fd131864  |2 czenas 
655 9 |a popular works  |2 eczenas 
765 0 |t Teonanácatl: sacred mushroom of visions  |9 Česky 
910 2 |a BOA001  |b 2-1398.900 
920 |a 0780918  |z KLG001 
990 |a BK 
995 |a 01 
996 6 |b 2610728228  |c 2-1398.900  |l MZK  |r Sklad / do 1 hodiny  |n 0  |p kup  |w 001644083  |u 000010  |a 1  |e BOA001  |j MZK50  |s P